Treatise on some aspects of plus two (+2) chemistry: (with problems and solutions including multiple choice questions): a useful guide for the examinees of all competitive examinations
Uloženo v:
| Hlavní autor: | |
|---|---|
| Médium: | Kniha |
| Jazyk: | angličtina |
| Vydáno: |
New Central Book Agency
2015
|
| Tagy: |
Přidat tag
Žádné tagy, Buďte první, kdo vytvoří štítek k tomuto záznamu!
|
MARC
| LEADER | 00000nam a22000007a 4500 | ||
|---|---|---|---|
| 008 | 201221b ||||| |||| 00| 0 eng d | ||
| 020 | |a ISBN: 978-81-7381-970-4 | ||
| 100 | |a CHAKRABURTY, Nirendranath | ||
| 245 | |a Treatise on some aspects of plus two (+2) chemistry: (with problems and solutions including multiple choice questions): |b a useful guide for the examinees of all competitive examinations |c Nirendranath Chakraburty |g xiv, 533p.; ill. | ||
| 260 | |b New Central Book Agency |c 2015 |h London: |i London: |l QD31.2 .C34 |m Chemistry – Problems, exercises, etc. | ||
| 942 | |a lcc |c BK |e oLAGOKE, M.A |f 21/12/2020 | ||
| 952 | |0 0 |1 0 |2 lcc |4 0 |6 QD00312 C34 |7 0 |9 1059 |a HOL |b HOL |c QZ |d 2020-12-21 |l 0 |o QD31.2 .C34 |p 2020-230276 |r 2020-12-21 00:00:00 |w 2020-12-21 |y BK | ||
| 999 | |c 544 |d 544 | ||